<?xml version="1.0" encoding="UTF-8"?>
<collection xmlns:xsi="http://www.w3.org/2001/XMLSchema-instance" xsi:schemaLocation="http://www.loc.gov/MARC21/slim http://www.loc.gov/standards/marcxml/schema/MARC21slim.xsd" xmlns="http://www.loc.gov/MARC21/slim">
 <record>
  <leader>00000cam a22000003i 4500</leader>
  <controlfield tag="001">UP-1685594773861954800</controlfield>
  <controlfield tag="003">Buklod</controlfield>
  <controlfield tag="005">20240427163001.0</controlfield>
  <controlfield tag="006">ta    rb   |||| u|</controlfield>
  <controlfield tag="007">ta</controlfield>
  <controlfield tag="008">160520s2014    ohua    r    |||1 u|eng d</controlfield>
  <datafield tag="020" ind1=" " ind2=" ">
   <subfield code="a">9781133593683 (package edition)</subfield>
  </datafield>
  <datafield tag="020" ind1=" " ind2=" ">
   <subfield code="a">1133593682 (package edition)</subfield>
  </datafield>
  <datafield tag="035" ind1=" " ind2=" ">
   <subfield code="a">(iLib)UPBAG-00013540472</subfield>
  </datafield>
  <datafield tag="037" ind1=" " ind2=" ">
   <subfield code="a">GRC-3020</subfield>
   <subfield code="c">Php5,969.70</subfield>
  </datafield>
  <datafield tag="040" ind1=" " ind2=" ">
   <subfield code="a">DLC</subfield>
   <subfield code="d">BAG</subfield>
   <subfield code="e">rda</subfield>
  </datafield>
  <datafield tag="041" ind1="0" ind2=" ">
   <subfield code="a">eng</subfield>
  </datafield>
  <datafield tag="090" ind1=" " ind2="0">
   <subfield code="a">HG 4026</subfield>
   <subfield code="b">L39 2014</subfield>
  </datafield>
  <datafield tag="100" ind1="1" ind2=" ">
   <subfield code="a">Lasher, William R.</subfield>
   <subfield code="e">author.</subfield>
  </datafield>
  <datafield tag="245" ind1="1" ind2="0">
   <subfield code="a">Practical financial management</subfield>
   <subfield code="c">William R. Lasher.</subfield>
  </datafield>
  <datafield tag="250" ind1=" " ind2=" ">
   <subfield code="a">Sventh edition.</subfield>
  </datafield>
  <datafield tag="264" ind1=" " ind2="1">
   <subfield code="a">Mason, Ohio</subfield>
   <subfield code="b">South-Western/Cengage Learning</subfield>
   <subfield code="c">©2014.</subfield>
  </datafield>
  <datafield tag="300" ind1=" " ind2=" ">
   <subfield code="a">xxii, 836 pages</subfield>
   <subfield code="b">color illustrations</subfield>
   <subfield code="c">26 cm</subfield>
  </datafield>
  <datafield tag="500" ind1=" " ind2=" ">
   <subfield code="a">Includes index.</subfield>
  </datafield>
  <datafield tag="505" ind1="0" ind2="0">
   <subfield code="a">Part I: INTRODUCTION TO FINANCIAL MANAGEMENT -- 1. Foundations -- 2. Financial Background: Review of Accounting, Financial Statements, and Taxes -- 3. Cash Flows and Financial Analysis -- 4. Financial Planning -- 5. The Financial System, Corporate Governance, and Interest -- Part II: DISCOUNTED CASH FLOW AND THE VALUE OF SECURITIES -- 6. Time Value of Money -- 7. The Valuation and Characteristics of Bonds -- 8. The Valuation and Characteristics of Stock -- 9. Risk and Return -- Part III: BUSINESS INVESTMENT DECISIONS--CAPITAL BUDGETING -- 10. Capital Budgeting -- 11. Cash Flow Estimation -- 12. Risk Topics and Real Options in Capital Budgeting -- 13. Cost of Capital -- Part IV: LONG-TERM FINANCING ISSUES -- 14. Capital Structure and Leverage -- 15. Dividends -- Part V: OPERATIONS ISSUES--WORKING CAPITAL MANAGEMENT AND PLANNING -- 16. The Management of Working Capital -- 17. Corporate Restructuring -- 8. International Finance.</subfield>
  </datafield>
  <datafield tag="650" ind1=" " ind2="0">
   <subfield code="a">Business enterprises</subfield>
   <subfield code="x">Finance.</subfield>
  </datafield>
  <datafield tag="650" ind1=" " ind2="0">
   <subfield code="a">Corporations</subfield>
   <subfield code="x">Finance.</subfield>
  </datafield>
  <datafield tag="905" ind1=" " ind2=" ">
   <subfield code="a">FO</subfield>
  </datafield>
  <datafield tag="852" ind1="0" ind2=" ">
   <subfield code="a">UPBAG</subfield>
   <subfield code="b">GRC</subfield>
   <subfield code="h">HG 4026 L39 2014</subfield>
  </datafield>
  <datafield tag="942" ind1=" " ind2=" ">
   <subfield code="a">Book</subfield>
  </datafield>
 </record>
</collection>
